000 00369nam a2200145Ia 4500
008 210210b1984 xxu||||| |||| 00| 0 eng d
082 _a294.59214K VEDY
100 _aVEDAVRATA VAISHAMPAYANA.
245 _aYajurveda: Ondu adhyayana.
260 _aDharavada
_bSamaja Pustakalaya
_c1984
300 _a318
650 _aYajurveda
690 _aHinduism
906 _a037529
999 _c88013
_d88013